Objective IELTS: Intermediate Student's book

Gorde:
Xehetasun bibliografikoak
Egile nagusia: Black, Michael
Formatua: Liburua
Hizkuntza:Undetermined
Argitaratua: Cambridge, UK Cambridge University Press 2006
Gaiak:
Etiketak: Etiketa erantsi
Etiketarik gabe, Izan zaitez lehena erregistro honi etiketa jartzen!
Thư viện lưu trữ: Trung tâm Học liệu Trường Đại học Cần Thơ
LEADER 00732nam a2200229Ia 4500
001 CTU_127675
008 210402s9999 xx 000 0 und d
020 |c 310000 
082 |a 428.24 
082 |b B627 
100 |a Black, Michael 
245 0 |a Objective IELTS: 
245 0 |b Intermediate Student's book 
245 0 |c Michael Black, Wendy Sharp 
260 |a Cambridge, UK 
260 |b Cambridge University Press 
260 |c 2006 
650 |a International English Language Testing System.,English language 
650 |x Textbooks for foreign speakers,Examinations, questions, etc. 
904 |i Minh 
910 |a Sách kèm đĩa AV.000781, AV.000784 
980 |a Trung tâm Học liệu Trường Đại học Cần Thơ